000 00468nam a2200169Ia 4500
008 220216s9999 xx 000 0 und d
100 _aSharma S K
245 0 _aClimate change research initiative: Indian network for climate change assessment
260 _bCurrent Science
_c2011
300 _a308-311
650 _aBlack carbon
650 _aClimate change assessment
650 _aINCCA
650 _aResearch initiative
700 _aChauhan R
942 _cJS
999 _c55666
_d55666